| 000 | 00869cam a22002773a 4500 | ||
|---|---|---|---|
| 001 | 23638 | ||
| 003 | PGUSA | ||
| 005 | 20140828083514.0 | ||
| 008 | 071126s2007||||xxu|||||s|||||000 | eng d | ||
| 040 |
_aPGUSA _beng |
||
| 042 | _adc | ||
| 050 | 4 | _aDT | |
| 050 | 4 | _aPR | |
| 100 | 1 |
_aScully, W. C. _q(William Charles), _d1855-1943 |
|
| 245 | 1 | 0 |
_aReminiscences of a South African Pioneer _h[electronic resource] / _cW. C. Scully |
| 260 |
_bProject Gutenberg, _c2007 |
||
| 506 | _aPublic domain in the USA. | ||
| 516 | _aElectronic text | ||
| 653 | _aFrontier and pioneer life -- South Africa | ||
| 653 | _aSouth Africa -- Description and travel | ||
| 653 | _aAuthors, South African -- Biography | ||
| 653 | _aScully, W. C. (William Charles), 1855-1943 | ||
| 830 | 0 |
_aProject Gutenberg _v23638 |
|
| 856 | 4 | 0 | _uhttp://www.gutenberg.org/ebooks/23638 |
| 942 | _cEB | ||
| 999 |
_c252893 _d252893 |
||